zpět

Detail výsledku týmu

Baarovka, České Budějovice

Datum a čas kvízu

41 Celkem bodů Celkový počet nahraných bodů na tomto kvízu bez doplňovacích otázek.
2. Pořadí na kvízu Konečné umístění týmu na tomto kvízu.

Zaznamenané odpovědi

# Otázka Odpověď Body Výsledky
1. Minulou středu proběhl po celé... 11:59 0
2. Předčasné volby v Bulharsku vy... prezident 0
3. Plaketu věnovanou které filmov... Otíkovi 1
4. Španělští archeologové objevil... B 1
5. V sobotu se v pražské O2 areně... Mladá Boleslav, Brno 0
6. Vědci v minulosti několikrát t... D) 1
7. Světová zdravotnická organizac... o Gruzii 1
8. V červenci 2025 Senát schválil... 3 (2 a 4 za půl bodu) 1
9. Na které z fotografií se nachá... A) 1
10. Tinktura z opia se v minulosti... laudanum 1